Statistics for Tricolor Flags

Click here to take the quiz!

General Stats

  • This quiz has been taken 71 times
  • The average score is 23 of 27

Answer Stats

Answer% Correct
Belgium
98%
France
98%
Germany
98%
Ireland
98%
Italy
98%
Netherlands
98%
Russia
98%
Austria
95%
Bulgaria
92%
Estonia
90%
Hungary
90%
Luxembourg
90%
Colombia
89%
Lithuania
89%
Romania
87%
Ivory Coast
85%
Republic of the {Congo}
85%
Peru
84%
Nigeria
80%
Armenia
79%
Yemen
77%
Chad
72%
Sierra Leone
70%
Bolivia
67%
Gabon
67%
Mali
66%
Guinea
64%

Score Distribution

Percentile by Number Answered

Percent of People with Each Score

Your Score History

You have not taken this quiz